[Event "48th Hastings it"]
[Site "Hastings ENG"]
[Date "1973.01.01"]
[Round "1"]
[White "Eley, Brian"]
[WhiteTitle "IM"]
[WhiteElo "2345"]
[Black "Uhlmann, Wolfgang"]
[BlackTitle "GM"]
[BlackElo "2530"]
[Result "0-1"]
[PlyCount "88"]
[EventDate "1972.12.27"]

1. e4 e6 2. d4 d5 3. Nc3 Bb4 4. exd5 exd5 5. Bd3 Nc6 6. Nge2 Nge7 7. O-O O-O 8.
Ng3 f5 9. Nce2 Bd6 10. Nh5 Qe8 11. Nhf4 h6 12. Bb5 g5 13. Bxc6 Qxc6 14. Nd3 f4
15. f3 Nf5 16. Ne5 Qb6 17. Ng4 Bd7 18. a4 Rae8 19. Qd3 Kg7 20. Bd2 Nh4 21. a5
Qb5 22. Nc3 Qxd3 23. cxd3 c6 24. Na4 Bf5 25. Nc5 Rf7 26. Rae1 Rxe1 27. Bxe1 Ng6
28. Bc3 h5 29. Nf2 g4 30. fxg4 hxg4 31. Re1 g3 32. hxg3 fxg3 33. Nh1 b6 34.
Ne6+ Kf6 35. Nd8 Rc7 36. a6 Bf4 37. Rd1 Bg4 38. Re1 Rc8 39. Nb7 Rh8 40. Bb4 Rh2
41. Nd8 c5 42. dxc5 Nh4 43. cxb6 Rxg2+ 44. Kf1 Rh2 {game postponed to first
free day as a result of Uhlmann's delayed arrival} 0-1

[Event "48th Hastings it"]
[Site "Hastings ENG"]
[Date "1972.12.30"]
[Round "4"]
[White "Hort, Vlastimil"]
[WhiteTitle "GM"]
[WhiteElo "2600"]
[Black "Hartston, William Roland"]
[BlackElo "2420"]
[Result "1/2-1/2"]
[PlyCount "66"]
[EventDate "1972.12.27"]

1. d4 Nf6 2. Bg5 c5 3. Bxf6 gxf6 4. d5 Qb6 5. Nd2 Qxb2 6. e3 f5 7. Rb1 Qf6 8.
Bd3 Bh6 9. Ne2 d6 10. Ng3 f4 11. Nh5 Qh4 12. Nxf4 Bxf4 13. exf4 Qxf4 14. O-O
Kd8 15. Re1 Nd7 16. Nc4 Nf6 17. Ne3 Nd7 18. g3 Qf6 19. Nc4 h5 20. Re4 h4 21.
Qe2 Nb6 22. Rf4 Qg7 23. Qf3 Nxc4 24. Bxc4 hxg3 25. fxg3 b6 26. Re1 f6 27. Rfe4
Re8 28. Qe3 a6 29. a4 Bf5 30. Rf4 Bd7 31. Qe2 Kc7 32. Re4 f5 33. Rf4 Qc3 (33...
Qc3 34. Kg2 b5 $17 {Hartston}) 1/2-1/2

[Event "48th Hastings it"]
[Site "Hastings ENG"]
[Date "1972.12.31"]
[Round "5"]
[White "Rajkovic, Dusan"]
[WhiteElo "2390"]
[Black "Andersson, Ulf"]
[BlackTitle "GM"]
[BlackElo "2535"]
[Result "1/2-1/2"]
[PlyCount "86"]
[EventDate "1972.12.27"]

1. d4 Nf6 2. c4 e6 3. g3 Bb4+ 4. Nd2 O-O 5. Bg2 d6 6. Ngf3 c5 7. O-O Nc6 8. Nb3
cxd4 9. Nfxd4 d5 10. cxd5 exd5 11. Bg5 Be7 12. Nxc6 bxc6 13. Rc1 Bd7 14. Nc5
Rb8 15. b3 Re8 16. Qd3 Bg4 17. Rfe1 Rb5 18. Na4 Qd7 19. Bxf6 Bxf6 20. e4 h5 21.
Rc5 dxe4 22. Qxd7 Bxd7 23. Rc4 Bf5 24. Rxc6 Rd5 25. Nc3 Bxc3 26. Rxc3 Rd2 27.
a3 Bg6 28. Rc4 Rb2 29. b4 Ra2 30. Rc3 Re5 31. f3 Rd5 32. fxe4 Rdd2 33. Bf3 Rxh2
34. Rce3 Rhd2 35. R1e2 Rxe2 36. Bxe2 Rd2 37. Kf2 Kf8 38. Ke1 Ra2 39. e5 Ke7 40.
Rc3 Ra1+ 41. Kf2 Ke6 42. Rc6+ Kxe5 43. Ra6 h4 1/2-1/2

[Event "48th Hastings it"]
[Site "Hastings ENG"]
[Date "1973.01.02"]
[Round "6"]
[White "Andersson, Ulf"]
[WhiteTitle "GM"]
[WhiteElo "2535"]
[Black "Hartston, William Roland"]
[BlackElo "2420"]
[Result "0-1"]
[PlyCount "72"]
[EventDate "1972.12.27"]

1. Nf3 g6 2. e4 d6 3. d4 Nf6 4. Nbd2 Bg7 5. Bd3 O-O 6. O-O Nc6 7. c3 e5 8. dxe5
Nxe5 9. Nxe5 dxe5 10. Qe2 Bh6 11. Rd1 Qe7 12. b4 Bg4 13. f3 Be6 14. Bb2 a5 15.
a3 Nh5 16. g3 Rfd8 17. Kh1 Rd7 18. Bc2 Rad8 19. Nf1 Rxd1 20. Rxd1 Rxd1 21. Qxd1
Bc4 22. Nd2 Bxd2 23. Qxd2 Qe6 24. Kg2 Kg7 25. Bc1 Bb3 26. Bd3 Bc4 27. Bb1 Nf6
28. Qd8 Qa6 29. Kf2 Bf1 30. Qd1 Bc4 31. Bc2 Qe6 (31... Be6 {(and an eventual
36...Bh3+) was given in Informator 15 but is wrong.}) 32. Kg2 h6 33. Be3 g5 34.
Qd2 Ne8 35. Qd8 Nf6 36. Qxc7 Qh3+ 0-1

[Event "48th Hastings it"]
[Site "Hastings ENG"]
[Date "1973.01.02"]
[Round "6"]
[White "Tukmakov, Vladimir"]
[WhiteTitle "GM"]
[WhiteElo "2560"]
[Black "Uhlmann, Wolfgang"]
[BlackTitle "GM"]
[BlackElo "2530"]
[Result "1/2-1/2"]
[PlyCount "50"]
[EventDate "1972.12.27"]

1. e4 e6 2. d4 d5 3. Nd2 c5 4. Ngf3 Nc6 5. exd5 exd5 6. Bb5 Bd6 7. O-O cxd4 8.
Nb3 Nge7 9. Nbxd4 O-O 10. h3 Nxd4 11. Qxd4 Bf5 12. c3 Be4 13. Ng5 Nf5 14. Qd1
Qf6 15. Re1 Bc5 16. Nxe4 dxe4 17. Rxe4 Bxf2+ 18. Kxf2 Qb6+ 19. Be3 Qxb5 20. Rb4
Qe5 21. Qf3 Rfe8 22. Bd4 Nxd4 23. Rxd4 Qb5 24. b3 Rac8 25. Kg1 Rc7 1/2-1/2

[Event "48th Hastings it"]
[Site "Hastings ENG"]
[Date "1973.01.04"]
[Round "8"]
[White "Hort, Vlastimil"]
[WhiteTitle "GM"]
[WhiteElo "2600"]
[Black "Wade, Robert Graham"]
[BlackTitle "IM"]
[BlackElo "2375"]
[Result "1-0"]
[PlyCount "224"]
[EventDate "1972.12.27"]

1. c4 e6 2. Nf3 d5 3. d4 c5 4. cxd5 exd5 5. Nc3 Nc6 6. g3 Nf6 7. Bg2 Be7 8. O-O
O-O 9. dxc5 Bxc5 10. Na4 Bb6 11. b3 Re8 12. Bb2 Qe7 13. e3 Be6 14. Nxb6 axb6
15. Nd4 Rec8 16. Qe2 Ne4 17. Rfd1 h6 18. a4 Nxd4 19. Bxd4 Nc3 20. Bxc3 Rxc3 21.
Bxd5 Bxd5 22. Rxd5 Rxb3 23. Rad1 Qf6 24. Rd6 Rb2 25. Rxf6 Rxe2 26. Rf4 g5 27.
Rf3 Ra2 28. Rd7 Rf8 29. Rxb7 Rxa4 30. Rxb6 Kg7 31. Rff6 Ra1+ 32. Kg2 Rh8 33.
Kf3 Ra4 34. h3 Rc4 35. Ra6 Rb4 36. Rfc6 Rb2 37. Ra7 Rf8 38. e4 h5 39. e5 g4+
40. hxg4 hxg4+ 41. Ke3 Rb3+ 42. Kf4 Rf3+ 43. Kxg4 Rxf2 44. Rc4 Re2 45. Re7 Re3
46. Rcc7 Kg6 47. Rc6+ Kg7 48. Kf4 Re1 49. Rf6 Kg8 50. Kf5 Rf1+ 51. Kg5 Re1 52.
Kf4 Rf1+ 53. Kg5 Re1 54. g4 Re2 55. Kf5 Re1 56. Kg5 Re2 57. Rf1 Kg7 58. Kf5 Ra2
59. Rd1 Ra6 60. Rdd7 Kg8 61. Kg5 Rg6+ 62. Kf5 Ra6 63. Rd6 Ra1 64. Kf4 Re1 65.
Rdd7 Rf1+ 66. Kg3 Re1 67. Rd4 Rg1+ 68. Kf2 Ra1 69. Rf4 Raa8 70. Kg3 Ra1 71. Rf5
Ra6 72. Rg5+ Kh8 73. Kf4 Ra1 74. Rd7 Rf1+ 75. Kg3 Rg1+ 76. Kh2 Ra1 77. Rd6 Kh7
78. Rf6 Raa8 79. Kg3 Ra7 80. Rf1 Ra6 81. Rh1+ Rh6 82. Rgh5 Rxh5 83. gxh5 Rg8+
84. Kf4 Rg2 85. Rh4 Rf2+ 86. Kg5 Kg7 87. Rf4 Rg2+ 88. Kf5 Rh2 89. Kg4 Rg2+ 90.
Kf3 Rh2 91. Kg4 Rg2+ 92. Kf5 Rh2 93. Rg4+ Kh6 94. Rd4 Rf2+ 95. Rf4 Re2 96. Rf1
Kg7 97. Rh1 Rf2+ 98. Ke4 Kh6 99. Rh4 Re2+ 100. Kd4 Rd2+ 101. Ke3 Rd7 102. Ke4
Ra7 103. Rh1 Ra4+ 104. Kf5 Ra2 105. Ke4 Re2+ 106. Kd4 Rd2+ 107. Ke3 Rd7 108.
Ke4 Ra7 109. Rf1 Kxh5 110. Kf5 Kh4 111. Rh1+ Kg3 112. Kf6 Kf4 $4 {(sealed)} (
112... Kf4 113. Rh4+ Kg3 114. Rh7 $18) (112... Kg4 $1 $11) 1-0

[Event "48th Hastings it"]
[Site "Hastings ENG"]
[Date "1973.01.10"]
[Round "13"]
[White "Radulov, Ivan"]
[WhiteTitle "GM"]
[WhiteElo "2490"]
[Black "Stean, Michael Francis"]
[BlackElo "2275"]
[Result "1-0"]
[PlyCount "125"]
[EventDate "1972.12.27"]

1. e4 c5 2. Nf3 d6 3. Bb5+ Nd7 4. d4 cxd4 5. Qxd4 Ngf6 6. Nc3 a6 7. Bxd7+ Bxd7
8. Bg5 h6 9. Bxf6 gxf6 10. O-O-O Rg8 11. Nh4 e6 12. f4 Qa5 13. Kb1 Qc5 14. Qd2
O-O-O 15. Rhe1 Be7 16. f5 Rg4 17. g3 Rh8 18. Ng2 h5 19. Re3 Kb8 20. Ne2 Bf8 21.
Nef4 h4 22. Rc3 Qe5 23. Ne3 Rgg8 24. Nc4 Qc5 25. a3 hxg3 26. hxg3 Bc8 27. b4
Qc7 28. Qe3 Qd8 29. Ne2 Rh2 30. Nd4 Bd7 31. Nb3 Bb5 32. Nb6 Bh6 33. Qg1 Re2 34.
Nc5 Re3 35. Ncd7+ Bxd7 36. Nxd7+ Qxd7 37. Rxe3 Bxe3 38. Qxe3 Qc6 39. fxe6 fxe6
40. Qf4 e5 41. Qxf6 Rxg3 42. Rxd6 Qc3 43. Qd8+ Qc8 44. Qb6 Rg8 45. Kb2 Qg4 46.
Rd8+ Rxd8 47. Qxd8+ Ka7 48. Qd5 Qg3 49. a4 Qe1 50. c3 Qf2+ 51. Kb3 Qf4 52. Qc4
Kb8 53. Qg8+ Ka7 54. Qd5 Qf6 55. Qc5+ Kb8 56. b5 axb5 57. axb5 b6 58. Qd5 Kc7
59. Ka4 Qd6 60. Qxd6+ Kxd6 61. Kb4 Kd7 62. c4 Kd6 63. c5+ 1-0